000 00547 a2200205 4500
003 OSt
005 20180116182855.0
008 161124b xxu||||| |||| 00| 0 eng d
020 _a9695190111
040 _c0
082 _a203.7 LIN 2000
100 _aLings,Martin
245 _aSymbol and Archetype
_cMartin Lings
250 _a1st
260 _aLahore
_bSuhail Academy
_c2000
300 _a141p
_bHB.
440 _aSymbol and Archetype:A Study of the Meaning of Existence
500 _aHard cover
942 _aNBS
_cBK
_k203.7 LIN 2000
_2ddc
999 _c347645
_d347645